| 000 -LEADER |
| fixed length control field |
02752cam a2200373 a 4500 |
| 001 - CONTROL NUMBER |
| control field |
15173484 |
| 003 - CONTROL NUMBER IDENTIFIER |
| control field |
OSt |
| 005 - DATE AND TIME OF LATEST TRANSACTION |
| control field |
20170206105312.0 |
| 008 - FIXED-LENGTH DATA ELEMENTS--GENERAL INFORMATION |
| fixed length control field |
080208s2008 nyuaf b 001 0beng |
| 010 ## - LIBRARY OF CONGRESS CONTROL NUMBER |
| LC control number |
2008006162 |
| 020 ## - INTERNATIONAL STANDARD BOOK NUMBER |
| International Standard Book Number |
9780375414558 |
| 020 ## - INTERNATIONAL STANDARD BOOK NUMBER |
| International Standard Book Number |
037541455X |
| 035 ## - SYSTEM CONTROL NUMBER |
| System control number |
(OCoLC)ocn192048175 |
| 035 ## - SYSTEM CONTROL NUMBER |
| System control number |
(OCoLC)192048175 |
| 040 ## - CATALOGING SOURCE |
| Original cataloging agency |
DLC |
| Transcribing agency |
DLC |
| Modifying agency |
BTCTA |
| -- |
BAKER |
| -- |
YDXCP |
| -- |
OCLCG |
| -- |
JTE |
| -- |
C#P |
| -- |
BWX |
| -- |
OMB |
| -- |
CDX |
| -- |
IXA |
| -- |
DLC |
| 043 ## - GEOGRAPHIC AREA CODE |
| Geographic area code |
e-ru--- |
| 050 00 - LIBRARY OF CONGRESS CALL NUMBER |
| Classification number |
N6999.C46 |
| Item number |
W85 2008 |
| 082 00 - DEWEY DECIMAL CLASSIFICATION NUMBER |
| Classification number |
709.2 |
| -- |
B |
| Edition number |
22 |
| 100 1# - MAIN ENTRY--PERSONAL NAME |
| Personal name |
Wullschläger, Jackie. |
| 245 10 - TITLE STATEMENT |
| Title |
Chagall : |
| Remainder of title |
a biography / |
| Statement of responsibility, etc. |
Jackie Wullschlager. |
| 250 ## - EDITION STATEMENT |
| Edition statement |
1st ed. |
| 260 ## - PUBLICATION, DISTRIBUTION, ETC. (IMPRINT) |
| Place of publication, distribution, etc. |
New York : |
| Name of publisher, distributor, etc. |
Alfred A. Knopf, |
| Date of publication, distribution, etc. |
2008. |
| 300 ## - PHYSICAL DESCRIPTION |
| Extent |
xxii, 582 p., [32] p. of plates : |
| Other physical details |
ill. (some col.) ; |
| Dimensions |
25 cm. |
| 504 ## - BIBLIOGRAPHY, ETC. NOTE |
| Bibliography, etc |
Includes bibliographical references (p. [525]-562) and index. |
| 505 0# - FORMATTED CONTENTS NOTE |
| Formatted contents note |
Part I. Russia : "My sad and joyful town": Vitebsk, 1887-1900 -- At Pen's: Vitebsk, 1900-1907 -- Forbidden city: St. Petersburg, 1907-1908 -- Thea: Vitebsk and St. Petersburg, 1908-1909 -- Belle: Vitebsk, 1909 -- Léon Bakst: St. Petersburg, 1909-1911 -- "Surnaturel!": Paris, 1911-1912 -- Blaise Cendrars: Paris, 1912-1913 -- "My ferocious genius": Paris, 1913-1914 -- Homecoming: Vitebsk, 1914-1915 -- Married man: Petrograd, 1915-1917 -- Commissar Chagall and Comrade Malevich: Vitebsk, 1917-1920 -- Chagall's box: Moscow, 1920-1922 -- Part II. Exile : Der Sturm: Berlin, 1922-1923 -- Dead souls: Paris, 1923-1924 -- "Lumière-Liberté": Paris, 1924-1927 -- The prophets: Paris, 1928-1933 -- Wandering Jew: Paris, 1934-1937 -- White crucifixion: Paris and Gordes, 1937-1941 -- America: New York, 1941-1944 -- Virginia: New York and High Falls, 1944-1948 -- Return to Europe: Orgeval and Vence, 1948-1952 -- Vava: Vence, 1952-1960 -- Decade of the large wall: Vence and St. Paul, 1960-1970 -- "I was a good artist, wasn't I?": St. Paul, 1971-1985. |
| 600 10 - SUBJECT ADDED ENTRY--PERSONAL NAME |
| Personal name |
Chagall, Marc, |
| Dates associated with a name |
1887-1985. |
| 650 #0 - SUBJECT ADDED ENTRY--TOPICAL TERM |
| Topical term or geographic name as entry element |
Artists |
| Geographic subdivision |
Russia (Federation) |
| Form subdivision |
Biography. |
| 856 41 - ELECTRONIC LOCATION AND ACCESS |
| Materials specified |
Table of contents only |
| Uniform Resource Identifier |
<a href="http://www.loc.gov/catdir/toc/ecip0810/2008006162.html">http://www.loc.gov/catdir/toc/ecip0810/2008006162.html</a> |
| 856 42 - ELECTRONIC LOCATION AND ACCESS |
| Materials specified |
Contributor biographical information |
| Uniform Resource Identifier |
<a href="http://www.loc.gov/catdir/enhancements/fy0906/2008006162-b.html">http://www.loc.gov/catdir/enhancements/fy0906/2008006162-b.html</a> |
| 856 42 - ELECTRONIC LOCATION AND ACCESS |
| Materials specified |
Publisher description |
| Uniform Resource Identifier |
<a href="http://www.loc.gov/catdir/enhancements/fy0906/2008006162-d.html">http://www.loc.gov/catdir/enhancements/fy0906/2008006162-d.html</a> |
| 856 41 - ELECTRONIC LOCATION AND ACCESS |
| Materials specified |
Sample text |
| Uniform Resource Identifier |
<a href="http://www.loc.gov/catdir/enhancements/fy0906/2008006162-s.html">http://www.loc.gov/catdir/enhancements/fy0906/2008006162-s.html</a> |
| 906 ## - LOCAL DATA ELEMENT F, LDF (RLIN) |
| a |
7 |
| b |
cbc |
| c |
orignew |
| d |
1 |
| e |
ecip |
| f |
20 |
| g |
y-gencatlg |
| 942 ## - ADDED ENTRY ELEMENTS (KOHA) |
| Source of classification or shelving scheme |
|
| Koha item type |
Hard Covered Materials |
| Classification part |
N 6999 .C46W85 2008 |